00387nam a2200133Ia 4500020001800000082001800018100002100036245005200057260004000109300001400149504003600163650004500199650000900244 a0-7546-2361-0 a340.112 HOD-; aHodgson, Douglas 0aIndividual duty within a human rights discourse aAldershotbAshgate Publishingc2003 axi, 277p. aIncludes bibliography and index aHuman rights - Moral and ethical aspects aDuty